00652cam a22001337a 4500008004000000082001400040245012300054260006800177300001000245700007000255999001900325952008700344952008700431180718b1954 xxu||||| |||| 00| 0 eng d aDx42 Un3h aBritish Foreign Policy: a brief collection of fact and quotationcby Reference Division, Central Office of Information aLondonbReference Division. Central Office of Informationc1954 a19+p. aUnited Kingdom. Central Office of Information. Reference Division c490246d490246 00104070aIIPAbIIPAd2018-08-04oDx42 Un3hpGG14831r2018-08-04w2018-08-04yGG 00104070aIIPAbIIPAd2018-08-04oDx42 Un3hpGG14830r2018-08-04w2018-08-04yGG